000 01103nam a2200313Ia 4500
003 OSt
005 20221007121721.0
006 a|||||r|||| 00| 0
007 ta
008 221006b |||||||| |||| 00| 0 eng d
020 _a0521644976 (pbk)
_cRs.650.00
024 _a6315
037 _bPanima,
_cTextual
040 _aBDL
_cBDL
_beng
041 _2eng
_aeng
082 _aI:33;C5, L21;N9
100 _aHall D O
_9518454
245 0 _aPhotosynthesis by D O Hall and K K Rao
_b Rao K K
250 _aEd 6
260 _aCambridge
_bCambridge University Press
_c1999
300 _ax,214p
_ccm.
500 _aAppendix 201-202p; Bibliographical refrences 203-210p; Index 211-214p; ^n23/CSL/Carb/99-2000/349^d1999-09-02^mPurchase; ; 99-2000/171^b1999-09-27^c14210/99^d1999-09-22^ePanima Educational Book Agency; ; 1999-09-28^c1999-09-28^r1999-11-22
650 _a Metabolism
650 _a Photosynthesis
_9473878
650 _aBotany
700 _a Rao K K
_9518455
942 _hI:33;C5, L21;N9
_cTEXL
_2CC
999 _c1209240
_d1209240